000 00357nam a2200133Ia 4500
008 151001s9999||||xx |||||||||||||| ||und||
100 _aमनमोहन लोककवी
245 _aब्र्ह्यावत
250 _a1
260 _bसुरस प्रकाशन पंजाब
260 _c1979
300 _a176
365 _b18
999 _c960883
_d960880